| 000 | 00587cam a22002291 4500 | ||
|---|---|---|---|
| 001 | sa 65004227 | ||
| 003 | DLC | ||
| 005 | 20260227112129.0 | ||
| 008 | 890428q19601969pk 000 0 urdr | ||
| 010 | _asa 65004227 | ||
| 035 | _a(OCoLC)19620321 | ||
| 040 |
_aDLC _cWaU _dDLC |
||
| 043 | _aa-iq--- | ||
| 050 | 0 | 0 |
_aDS287.8 _b.M25 |
| 100 | 2 |
_aMail Malihabadi, Abdul Wahid Khan, _d1917- |
|
| 245 | 1 | 0 | _aJang-i Qādsiyah. |
| 260 | _c[196-] | ||
| 300 |
_a333 p. _c19 cm. |
||
| 500 | _aIn Urdu. | ||
| 500 | _aText partially vocalized. | ||
| 650 | 0 | _aQādisīyah, Battle of, Iraq, 637. | |
| 999 |
_c63628 _d63628 |
||